Secondary education / (Record no. 7509)
[ view plain ]
| 000 -LEADER | |
|---|---|
| fixed length control field | 01078nas a2200301 a 4500 |
| 003 - CONTROL NUMBER IDENTIFIER | |
| JCCL marc code | BD - Jhcc |
| 005 - DATE AND TIME OF LATEST TRANSACTION | |
| control field | 20191214132456.0 |
| 008 - FIXED-LENGTH DATA ELEMENTS--GENERAL INFORMATION | |
| fixed length control field | 860101d19uu1959enkar p 0 a0eng d |
| 035 ## - SYSTEM CONTROL NUMBER | |
| system control number | BD - Jhcc |
| 040 ## - CATALOGING SOURCE | |
| Original cataloging agency | EQO |
| Transcribing agency | EQO |
| Modifying agency | BD-JhCC |
| 041 ## - LANGUAGE CODE | |
| Language code of Book | eng |
| 082 ## - DEWEY DECIMAL CLASSIFICATION NUMBER | |
| Author mark and Year | SEC 1983 |
| Classification number | 370 |
| 245 00 - TITLE STATEMENT | |
| Title | Secondary education / |
| Statement of responsibility, etc | David G. Armstrong, tom V. Savage |
| 246 30 - VARYING FORM OF TITLE | |
| Title proper/short title | Secondary education in England and Wales |
| 246 1# - VARYING FORM OF TITLE | |
| Title proper/short title | Percentage of 13 year-olds receiving seconday education in different types of school according to their area of residence |
| 260 ## - PUBLICATION, DISTRIBUTION, ETC. (IMPRINT) | |
| Place of publication, distribution, etc | New York : |
| Name of publisher, distributor, etc | Macmillan Publication Co., |
| Date of publication, distribution, etc | 1983. |
| 300 ## - PHYSICAL DESCRIPTION | |
| Pagination | 478 p. : |
| Dimensions | 28 cm. |
| 490 1# - SERIES STATEMENT | |
| Series statement | List 69 |
| 500 ## - GENERAL NOTE | |
| General note | Description based on: 1956. |
| 500 ## - GENERAL NOTE | |
| General note | Title from cover. |
| 550 ## - ISSUING BODY NOTE | |
| Issuing body note | Issued by: Ministry of Education. |
| 650 #0 - SUBJECT ADDED ENTRY--TOPICAL TERM | |
| Topical term or geographic name as entry element | Education, Secondary |
| Geographic subdivision | Great Britain |
| Form subdivision | Statistics |
| -- | Periodicals. |
| 710 1# - ADDED ENTRY--CORPORATE NAME | |
| Corporate name or jurisdiction name as entry element | Great Britain. |
| Subordinate unit | Ministry of Education. |
| 785 00 - SUCCEEDING ENTRY | |
| Title | Secondary education in each local education authority area |
| Record control number | (UkOxU)016162823 |
| 830 #0 - SERIES ADDED ENTRY--UNIFORM TITLE | |
| Uniform title | List 69 |
| 942 ## - ADDED ENTRY ELEMENTS (KOHA) | |
| Source of classification or shelving scheme | Dewey Decimal Classification |
| Koha item type | Books |
| Source of classification or shelving scheme | Damaged status | Not for loan | Home library | Current library | Shelving location | Total Checkouts | Full call number | Barcode | Date last seen | Copy number | Koha item type |
|---|---|---|---|---|---|---|---|---|---|---|---|
| Dewey Decimal Classification | JCC Rouf Library | JCC Rouf Library | General Stacks | 370 SEC 1983 | 1156 | 02/11/2018 | C - 1 | Books |